Information Processing Study Guide

Guardado en:
Detalles Bibliográficos
Autor principal: Bohl, Marilyn
Formato: Libro
Lenguaje:inglés
Publicado: Chicago Science Research Associates 1984
Edición:4. ed.
Materias:
Etiquetas: Agregar Etiqueta
Sin Etiquetas, Sea el primero en etiquetar este registro!

MARC

LEADER 00000nam a2200000 4500
001 c002020
005 20221221074614.1
020 |a 0-574-21447-X 
041 0 |a eng 
044 |a US 
245 1 0 |a Information Processing  |b Study Guide  |c Marilyn Bohl 
250 |a 4. ed. 
264 1 |a Chicago  |b Science Research Associates  |c 1984 
300 |a 158 s. 
610 2 0 |a spracovanie dát 
610 2 0 |a vstupy 
610 2 0 |a získavanie informácií 
610 2 0 |a programovanie 
610 2 0 |a jazyky programovacie 
610 2 0 |a využitie počítačov 
610 2 0 |a systémy operačné 
610 2 0 |a komunikácia 
610 2 0 |a príručky 
100 1 |a Bohl, Marilyn